Mascots of Schools in Glenview, Illinois Quiz Stats

 Plays Quiz not verified by Sporcle

Score 0/21 Timer 10:00
0 Plays Today
Hint Answer % Correct
Glenbrook SouthTitans
78.6%
Lyon ElementaryLions
50%
Christian Heritage AcademyLions
50%
Willowbrook ElementaryWildcats
50%
Notre Dame HSDons
40%
Rugen SchoolRicky the Raccoon
40%
OLPHWarriors
35.7%
Springman Junior HighWildcats
35.7%
Pleasant Ridge ElementaryEagles
35.7%
Henking ElementaryHawks
28.6%
New Trier HSTrevians
28.6%
Hint Answer % Correct
Attea Middle SchoolFlyers
21.4%
Glen Grove ElementaryGators
21.4%
St. Catherine LaboureCrusaders
21.4%
Hoffman ElementaryHornets
14.3%
Maine North HSNorsemen
14.3%
Loyola AcademyRamblers
14.3%
Maple Junior HighMustangs
12.5%
Maine East HSBlue Demons
7.1%
Westbrook ElementaryPandas
0%
Marilac High School North Stars
0%

You're not logged in!

Compare scores with friends on all Sporcle quizzes.
OR
Log In

Sporcle TV

Today on Sporcle TV


Watch our educational content, quiz creation guides, and fun videos on Sporcle TV.

Show Comments

Extras

Created Aug 29, 2017ReportNominate
Tags:illinois, mascot, school

Top Quizzes Today


Score Distribution

Your Account Isn't Verified!

In order to create a playlist on Sporcle, you need to verify the email address you used during registration. Go to your Sporcle Settings to finish the process.

Report this User

Report this user for behavior that violates our Community Guidelines.

Details: